000 00594nam a22002177a 4500
001 64596
003 UA-OsUOA
005 20211024194949.0
007 ta
008 20091106b un ||||| |||| 00| 0 ukr d
040 _aUA-OsUOA
_brus
_cUA-OsUOA
_dUA-OsUOA
041 _arus
080 _a94(470+571)
090 _a94(470+571)
_bК77
245 _aКПСС о Вооруженных Силах Советского Союза
_bсборник документов 1917-1958
260 _aМ.
_c1958
300 _a415 с.
650 7 _a94 Історія
_2UDC
942 _cBK
_2udc
955 _a4
999 _c350725
_d350725